| 000 | 00942nam a22002177a 4500 | ||
|---|---|---|---|
| 005 | 20120614170415.0 | ||
| 008 | 081007t xxu||||| |||| 00| 0 mar | ||
| 010 | _aMAR-22206 | ||
| 020 | _c120.00 | ||
| 035 | _aMR-14864 | ||
| 037 | _bD.B.Act /pub | ||
| 082 | _a920 | ||
| 100 |
_aकाळे, भा.ना. _949115 |
||
| 245 |
_aमहाराणी एलिझाबेथ / _cभा.ना.काळे |
||
| 246 |
_aMaharani Elizabeth _bby B.N.Kale |
||
| 260 |
_aनागपूर _bज्ञानेश प्रकाशन _c2012 |
||
| 270 |
_a6,नवनिर्माण सोसायटी,प्रतापनगर _bनागपूर _e440022 |
||
| 300 |
_a112पृ _c22सेमी (अजिल्द) |
||
| 942 |
_2ddc _cMR _mकाळेभा _h920 |
||
| 999 |
_c67977 _d67977 |
||